000
00344nam a22001217a 4500
003
SGT
082
_a
200
_b
J67K
100
_a
कालेलकर, काकासाहेब
245
_a
जीवन व्यवस्था
260
_b
नवजीवन प्रकाशन मंदिर
_c
1967
300
_a
307
942
_2
ddc
_c
BK
999
_c
31685
_d
31685